[Event "IND-chT"]
[Site "Gurgaon"]
[Date "2010.02.23"]
[Round "4"]
[White "Girinath, PDS"]
[Black "Karun, Duggal"]
[Result "1-0"]
[WhiteElo "2370"]
[BlackElo "2016"]
[PlyCount "75"]
[EventDate "2010.02.21"]
[EventType "team"]
[EventRounds "9"]
[EventCountry "IND"]
[SourceTitle "CBM 135 Extra"]
[Source "ChessBase"]
[SourceDate "2010.05.04"]
[SourceVersion "1"]
[SourceVersionDate "2010.05.04"]
[SourceQuality "1"]

1. e4 c5 2. Nf3 d6 3. c3 Nc6 4. d4 cxd4 5. cxd4 Nf6 6. Nc3 g6 7. h3 Bg7 8. d5 Nb8 9. Be3 0-0 10. Be2 b5 11. a3 a6 12. 0-0 Nbd7 13. Nd4 Bb7 14. f4 Rc8 15. Bf3 Nb6 16. Qe2 Nc4 17. Bf2 Nd7 18. Rac1 Nc5 19. Rcd1 e5 20. dxe6 Nxe6 21. Bg4 Bxd4 22. Bxd4 Nxd4 23. Rxd4 Qb6 24. Rfd1 f5 25. exf5 Rce8 26. Qf2 h5 27. Bf3 Bxf3 28. Qxf3 Rxf5 29. Kh2 Qb8 30. Qg3 Kh7 31. Ne4 d5 32. Rxd5 Qxf4 33. Rxf5 Qxf5 34. Ng5+ Kh6 35. h4 Ne3 36. Qc7 Ng4+ 37. Kh1 Nf2+ 38. Kg1 1-0

[Event "IND-chT"]
[Site "Gurgaon"]
[Date "2010.02.21"]
[Round "1"]
[White "Karun, Duggal"]
[Black "Arun Prasad, Subramanian"]
[Result "0-1"]
[WhiteElo "2016"]
[BlackElo "2567"]
[PlyCount "84"]
[EventDate "2010.02.21"]
[EventType "team"]
[EventRounds "9"]
[EventCountry "IND"]
[SourceTitle "CBM 135 Extra"]
[Source "ChessBase"]
[SourceDate "2010.05.04"]
[SourceVersion "1"]
[SourceVersionDate "2010.05.04"]
[SourceQuality "1"]

1. d4 Nf6 2. Nf3 e6 3. g3 b5 4. Bg2 Bb7 5. 0-0 c5 6. a4 b4 7. b3 Be7 8. dxc5 Na6 9. c3 Bxc5 10. c4 0-0 11. Bb2 Rc8 12. Nbd2 Qe7 13. Qb1 d5 14. Ng5 d4 15. Bxb7 Qxb7 16. e3 Rcd8 17. exd4 Bxd4 18. Bxd4 Rxd4 19. Ndf3 Rdd8 20. Re1 Nc5 21. Ne5 h6 22. Ngf3 Nfe4 23. Re3 Nc3 24. Qc2 Rd6 25. Nd3 N5e4 26. Rae1 a5 27. c5 Ra6 28. c6 Qa8 29. Rxe4 Nxe4 30. Rxe4 Rxc6 31. Qb1 Rc3 32. Re3 Rd8 33. Nfe1 Qc8 34. Ne5 Rc1 35. Qe4 f5 36. Qh4 Rdd1 37. N5f3 Rc3 38. Qf4 Qc6 39. Nd4 Qb6 40. Rxc3 bxc3 41. Ndc2 Qxb3 42. Qe5 Qxc2 0-1

[Event "Asia Cities-ch 13th"]
[Site "Aden"]
[Date "2002.02.13"]
[Round "9"]
[White "Moradiabadi, Elshan"]
[Black "Karun, Duggal"]
[Result "1/2-1/2"]
[WhiteElo "2359"]
[BlackElo "2164"]
[PlyCount "58"]
[EventDate "2002.02.07"]
[EventType "team-swiss"]
[EventRounds "9"]
[EventCountry "YEM"]
[SourceTitle "EXT 2020"]
[Source "ChessBase"]
[SourceDate "2019.10.17"]
[SourceVersion "1"]
[SourceVersionDate "2019.10.17"]
[SourceQuality "1"]
[WhiteTeam "Tehran"]
[BlackTeam "Delhi"]
[WhiteTeamCountry "IRI"]
[BlackTeamCountry "IND"]

1. d4 d5 2. c4 e6 3. Nc3 c6 4. e3 Bd6 5. Nf3 Ne7 6. e4 dxe4 7. Nxe4 Bb4+ 8. Bd2 Bxd2+ 9. Qxd2 0-0 10. Bd3 Nf5 11. Bc2 Nd7 12. 0-0 Nf6 13. Rad1 Nxe4 14. Bxe4 Nh4 15. Rfe1 f5 16. Nxh4 Qxh4 17. Bf3 Qf6 18. Qf4 g5 19. Qe5 g4 20. Be2 Qxe5 21. dxe5 Kf7 22. f4 Ke7 23. Kf2 Bd7 24. h4 h5 25. Rd6 c5 26. a3 a5 27. Red1 Bc6 28. g3 Rfd8 29. Ke3 a4 1/2-1/2

[Event "Asia Cities-ch 13th"]
[Site "Aden"]
[Date "2002.02.08"]
[Round "2"]
[White "Karun, Duggal"]
[Black "Dzhumaev, Marat"]
[Result "0-1"]
[WhiteElo "2164"]
[BlackElo "2480"]
[PlyCount "58"]
[EventDate "2002.02.07"]
[EventType "team-swiss"]
[EventRounds "9"]
[EventCountry "YEM"]
[SourceTitle "EXT 2020"]
[Source "ChessBase"]
[SourceDate "2019.10.17"]
[SourceVersion "1"]
[SourceVersionDate "2019.10.17"]
[SourceQuality "1"]
[WhiteTeam "Delhi"]
[BlackTeam "Namangan"]
[WhiteTeamCountry "IND"]
[BlackTeamCountry "UZB"]

1. e4 g6 2. Nf3 Bg7 3. g3 d6 4. Bg2 Nf6 5. d3 0-0 6. 0-0 e5 7. Nbd2 c5 8. a4 Nc6 9. Nc4 h6 10. Re1 Be6 11. c3 Qc7 12. Qe2 Rad8 13. Nfd2 d5 14. exd5 Nxd5 15. Ne4 b6 16. f3 f5 17. Nf2 Rfe8 18. Ne3 Na5 19. Nc2 Bf7 20. Ne3 Nb3 21. Ra3 Nxe3 22. Bxe3 Bf8 23. Qc2 c4 24. Ra2 f4 25. dxc4 fxe3 26. Ng4 Kg7 27. Nxe3 Bxc4 28. Bf1 Qc5 29. Kh1 Rd2 0-1